|
|
|
|
| LEADER |
00000cam a22000002c 4500 |
| 001 |
186632165X |
| 003 |
DE-627 |
| 005 |
20250115054911.0 |
| 007 |
cr uuu---uuuuu |
| 008 |
231019s2017 xx |||||o 00| ||eng c |
| 035 |
|
|
|a (DE-627)186632165X
|
| 035 |
|
|
|a (DE-599)KXP186632165X
|
| 040 |
|
|
|a DE-627
|b ger
|c DE-627
|e rda
|
| 041 |
|
|
|a eng
|
| 084 |
|
|
|a 2,1
|2 ssgn
|
| 100 |
1 |
|
|a Atkinson, Colin
|e VerfasserIn
|4 aut
|
| 109 |
|
|
|a Atkinson, Colin
|
| 245 |
1 |
4 |
|a The Effectiveness of Asset-Focussed Interventions against Organised Crime: Protocol for a Systematic Review
|
| 264 |
|
1 |
|c 2017
|
| 336 |
|
|
|a Text
|b txt
|2 rdacontent
|
| 337 |
|
|
|a Computermedien
|b c
|2 rdamedia
|
| 338 |
|
|
|a Online-Ressource
|b cr
|2 rdacarrier
|
| 520 |
|
|
|a First paragraph: This document provides the background to, and prospects for, undertaking a systematic review of the evidence relating to the effectiveness of asset-focussed interventions against organised crime. It details a principal research question to guide the review and aims to provide an overview of the methods through which relevant studies will be identified and reviewed. This research will be disseminated to the What Works Centre for Crime Reduction (WWCCR), hosted by the UK College of Policing. Specifically, this research contributes to the WWCCR Work Package 2 (WP2), as one of the five work packages commissioned to map the existing evidence base for crime reduction, label this evidence for quality, cost and impact, and make it easily accessible for practitioners and decision makers
|
| 700 |
1 |
|
|a Mackenzie, Simon
|e VerfasserIn
|4 aut
|
| 700 |
1 |
|
|a Hamilton-Smith, Niall
|e VerfasserIn
|4 aut
|
| 856 |
4 |
0 |
|u https://core.ac.uk/download/132200223.pdf
|x Verlag
|z kostenfrei
|3 Volltext
|7 0
|
| 935 |
|
|
|a mkri
|
| 951 |
|
|
|a BO
|
| ELC |
|
|
|a 1
|
| LOK |
|
|
|0 000 xxxxxcx a22 zn 4500
|
| LOK |
|
|
|0 001 4392967387
|
| LOK |
|
|
|0 003 DE-627
|
| LOK |
|
|
|0 004 186632165X
|
| LOK |
|
|
|0 005 20231019043652
|
| LOK |
|
|
|0 008 231019||||||||||||||||ger|||||||
|
| LOK |
|
|
|0 035
|a (DE-2619)CORE18777568
|
| LOK |
|
|
|0 040
|a DE-2619
|c DE-627
|d DE-2619
|
| LOK |
|
|
|0 092
|o n
|
| LOK |
|
|
|0 852
|a DE-2619
|
| LOK |
|
|
|0 852 1
|9 00
|
| LOK |
|
|
|0 935
|a core
|
| LOK |
|
|
|0 939
|a 19-10-23
|b l01
|
| OAS |
|
|
|a 1
|
| ORI |
|
|
|a SA-MARC-krimdoka001.raw
|